Statistics for Capital cities closest to the Prime Meridian

Click here to take the quiz!

General Stats

  • This quiz has been taken 19 times
    (10 since last reset)
  • The average score is 8 of 10

Answer Stats

LongitudeAnswer% Correct
0.13° WLondon
100%
2.35° EParis
90%
3.70° WMadrid
90%
0.19° WAccra
80%
1.52° EAndorra la Vella
80%
3.06° EAlgiers
80%
1.23° ELomé
70%
1.52° WOuagadougou
70%
2.13° ENiamey
60%
2.63° EPorto Novo
60%

Score Distribution

Percentile by Number Answered

Percent of People with Each Score

Your Score History

You have not taken this quiz since the last reset